000 00331nam a22001337a 4500
008 170721b xxu||||| |||| 00| 0 eng d
020 _a9780023801310
041 _aeng
080 _a004
100 _a28
101 _aSHKI
245 _aDESIGN AND DEVELOPMENT OF EXPERT SYSTEMS AND NEURAL NETWORKS
_cMEDSKER, L
942 _2udc
_cBK
999 _c21745
_d21745